[Event "GBR-ch72"]
[Site "Edinburgh"]
[Date "1985.08.02"]
[Round "5.30"]
[White "Branford, John W"]
[Black "Pigott, John C"]
[Result "0-1"]
[WhiteElo "2255"]
[BlackElo "2330"]
[PlyCount "77"]
[EventDate "1985.07.29"]
[EventType "swiss"]
[EventRounds "11"]
[EventCountry "GBR"]
[SourceTitle "BritBase"]
[Source "John Saunders"]
[SourceDate "2020.09.07"]
[SourceVersion "1"]
[SourceVersionDate "2020.09.07"]
[SourceQuality "2"]

1. e4 c5 2. Nf3 d6 3. d4 cxd4 4. Nxd4 Nf6 5. Nc3 a6 6. Be2 e6 7. f4 Be7 8. O-O
O-O 9. Kh1 Qc7 10. Qe1 b5 11. a3 Bb7 12. Bf3 Nc6 13. Nxc6 Bxc6 14. e5 dxe5 15.
fxe5 Nd7 16. Bf4 Rac8 17. Qg3 Kh8 18. Ne4 Qb7 19. Rae1 Nc5 20. Nd6 Bxd6 21.
exd6 f6 22. d7 Qxd7 23. Bd6 Rfe8 24. Bxc5 Bxf3 25. Bb4 Bh5 26. Bc3 e5 27. Rf2
Rc4 28. h3 Qc7 29. Qe3 a5 30. Rc1 b4 31. axb4 axb4 32. Be1 Bg6 33. c3 Re4 34.
Qf3 b3 35. Bd2 Ra4 36. Qd1 Qb6 37. Be1 e4 38. c4 e3 39. Re2 0-1

[Event "GBR-ch72"]
[Site "Edinburgh"]
[Date "1985.08.02"]
[Round "5.31"]
[White "Carr, Neil L"]
[Black "Morrison, Chris"]
[Result "1/2-1/2"]
[WhiteElo "2315"]
[BlackElo "2205"]
[PlyCount "106"]
[EventDate "1985.07.29"]
[EventType "swiss"]
[EventRounds "11"]
[EventCountry "GBR"]
[SourceTitle "BritBase"]
[Source "John Saunders"]
[SourceDate "2020.09.07"]
[SourceVersion "1"]
[SourceVersionDate "2020.09.07"]
[SourceQuality "2"]

1. e4 e5 2. Nf3 Nf6 3. Nc3 d6 4. d4 Nbd7 5. Bc4 Be7 6. O-O O-O 7. Qe2 c6 8. Rd1
Qe8 9. a4 a5 10. h3 Bd8 11. Be3 Qe7 12. Rd2 Bc7 13. Bb3 exd4 14. Bxd4 Ne5 15.
Rad1 Be6 16. Bxe6 Nxf3+ 17. Qxf3 fxe6 18. Qe2 e5 19. Qc4+ Qf7 20. Qxf7+ Kxf7
21. Be3 Ke6 22. f3 Rfd8 23. Nb1 d5 24. exd5+ cxd5 25. c3 Bd6 26. Re2 Kd7 27. g4
Kc6 28. Nd2 b5 29. axb5+ Kxb5 30. Nf1 Kc6 31. Red2 Bc5 32. Bxc5 Kxc5 33. Ne3 h6
34. h4 g5 35. Nf5 Rd7 36. Nxh6 gxh4 37. Nf5 Rad8 38. Nxh4 d4 39. cxd4+ Rxd4 40.
Rxd4 exd4 41. Nf5 Rd5 42. Kf2 Kc4 43. Ne7 Rb5 44. Rd2 Nd7 45. Nc6 d3 46. f4 Rc5
47. Nd8 a4 48. g5 Rc8 49. Ne6 Kd5 50. Ng7 Ke4 51. Nh5 Rc2 52. Ng3+ Kxf4 53.
Ne2+ Kxg5 1/2-1/2

[Event "GBR-ch72"]
[Site "Edinburgh"]
[Date "1985.08.02"]
[Round "5.32"]
[White "Gallagher, Joseph G"]
[Black "Abayasekera, Roger"]
[Result "1/2-1/2"]
[WhiteElo "2310"]
[BlackElo "2200"]
[PlyCount "37"]
[EventDate "1985.07.29"]
[EventType "swiss"]
[EventRounds "11"]
[EventCountry "GBR"]
[SourceTitle "BritBase"]
[Source "John Saunders"]
[SourceDate "2020.09.07"]
[SourceVersion "1"]
[SourceVersionDate "2020.09.07"]
[SourceQuality "2"]

1. d4 Nf6 2. Bg5 c5 3. Bxf6 gxf6 4. d5 Qb6 5. Nd2 f5 6. e3 Qxb2 7. Bd3 Qf6 8.
Ne2 Bh6 9. Ng3 e6 10. O-O O-O 11. Qf3 d6 12. Nge4 Qe7 13. Qg3+ Kh8 14. Nxd6 Nd7
15. Rab1 b6 16. Nxc8 Raxc8 17. Ba6 Rcd8 18. d6 Qf6 19. Nc4 1/2-1/2

[Event "GBR-ch72"]
[Site "Edinburgh"]
[Date "1985.08.02"]
[Round "5.33"]
[White "Gregory, Stephen J"]
[Black "Jackson, Oliver A"]
[Result "0-1"]
[WhiteElo "2152"]
[BlackElo "2230"]
[PlyCount "80"]
[EventDate "1985.07.29"]
[EventType "swiss"]
[EventRounds "11"]
[EventCountry "GBR"]
[SourceTitle "BritBase"]
[Source "John Saunders"]
[SourceDate "2020.09.07"]
[SourceVersion "1"]
[SourceVersionDate "2020.09.07"]
[SourceQuality "2"]

1. e4 c5 2. Nf3 e6 3. d3 g6 4. g3 Bg7 5. Bg2 Nc6 6. O-O d6 7. Re1 Nge7 8. Nbd2
O-O 9. c3 b5 10. Qc2 Rb8 11. Nb3 a5 12. Bf4 a4 13. Nc1 b4 14. e5 bxc3 15. bxc3
Nd5 16. Qxa4 Bd7 17. Qc2 Qa5 18. Bd2 Nxe5 19. Nxe5 Bxe5 20. Nb3 Qa7 21. Kh1 Ba4
22. f4 Bg7 23. f5 gxf5 24. Bxd5 exd5 25. Qc1 Rfe8 26. Rxe8+ Rxe8 27. Qf1 d4 28.
c4 Bc6+ 29. Kg1 Ba8 30. Na5 Qd7 31. Re1 Be5 32. Qh3 d5 33. Qh4 f6 34. Bh6 Qf7
35. Qh3 dxc4 36. Qxf5 cxd3 37. Nc4 Qb7 38. Qg4+ Kh8 39. Re4 Rg8 40. Nxe5 Rxg4
0-1

[Event "GBR-ch72"]
[Site "Edinburgh"]
[Date "1985.08.02"]
[Round "5.34"]
[White "Jackson, Sheila"]
[Black "Walker, RH.."]
[Result "1/2-1/2"]
[WhiteElo "2225"]
[BlackElo "2180"]
[PlyCount "62"]
[EventDate "1985.07.29"]
[EventType "swiss"]
[EventRounds "11"]
[EventCountry "GBR"]
[SourceTitle "BritBase"]
[Source "John Saunders"]
[SourceDate "2020.09.07"]
[SourceVersion "1"]
[SourceVersionDate "2020.09.07"]
[SourceQuality "2"]

1. e4 e6 2. d4 d5 3. Nd2 c5 4. exd5 Qxd5 5. Ngf3 cxd4 6. Bc4 Qd6 7. O-O Nf6 8.
Nb3 Nc6 9. Nbxd4 Nxd4 10. Qxd4 Qxd4 11. Nxd4 a6 12. a4 Bd7 13. Bf4 Rc8 14. Bb3
Bc5 15. Rad1 O-O 16. h3 h6 17. Be5 Rfd8 18. Rfe1 Be7 19. c3 b5 20. axb5 axb5
21. Ra1 Ra8 22. Bc2 Be8 23. Rxa8 Rxa8 24. Bd3 b4 25. c4 Nd7 26. Nc6 Nxe5 27.
Nxe7+ Kf8 28. Rxe5 Kxe7 29. f4 Ra2 30. Re2 Kd6 31. Kf2 Kc5 1/2-1/2

[Event "GBR-ch72"]
[Site "Edinburgh"]
[Date "1985.08.02"]
[Round "5.35"]
[White "Waddingham, Graham A"]
[Black "Lalic, Susan Kathryn"]
[Result "1-0"]
[WhiteElo "2264"]
[BlackElo "2050"]
[PlyCount "87"]
[EventDate "1985.07.29"]
[EventType "swiss"]
[EventRounds "11"]
[EventCountry "GBR"]
[SourceTitle "BritBase"]
[Source "John Saunders"]
[SourceDate "2020.09.07"]
[SourceVersion "1"]
[SourceVersionDate "2020.09.07"]
[SourceQuality "2"]

1. e4 e6 2. d4 d5 3. Nc3 Bb4 4. Nge2 dxe4 5. a3 Bxc3+ 6. Nxc3 Nc6 7. Be3 Nf6 8.
Qd2 e5 9. d5 Ne7 10. O-O-O Bg4 11. Be2 Nf5 12. h3 Nxe3 13. Qxe3 Bxe2 14. Qxe2
a6 15. g4 O-O 16. Rhg1 b5 17. g5 Ne8 18. Qxe4 Qd6 19. Rde1 f6 20. g6 h6 21. f4
exf4 22. Qe6+ Kh8 23. Ne4 Qxe6 24. dxe6 Nd6 25. Nxd6 cxd6 26. Rg4 Rfe8 27. Rxf4
Re7 28. Rd4 Rd8 29. Rd3 Kg8 30. Rc3 Kf8 31. Rc6 Ra7 32. Kd2 Ke7 33. Kd3 Rb8 34.
Kd4 Rbb7 35. Rc8 f5 36. Rg8 Kf6 37. Kd5 a5 38. Rg1 b4 39. a4 Rc7 40. Rf8+ Ke7
41. Rf7+ Kd8 42. Rd1 Ra6 43. Re1 Re7 44. Rf1 1-0

[Event "GBR-ch72"]
[Site "Edinburgh"]
[Date "1985.08.02"]
[Round "5.36"]
[White "Lewis, David Rhys"]
[Black "Lane, Gary William"]
[Result "0-1"]
[WhiteElo "1885"]
[BlackElo "2330"]
[PlyCount "55"]
[EventDate "1985.07.29"]
[EventType "swiss"]
[EventRounds "11"]
[EventCountry "GBR"]
[SourceTitle "BritBase"]
[Source "John Saunders"]
[SourceDate "2020.09.07"]
[SourceVersion "1"]
[SourceVersionDate "2020.09.07"]
[SourceQuality "2"]

1. e4 e5 2. Nf3 Nc6 3. Bb5 a6 4. Bxc6 dxc6 5. O-O f6 6. d4 exd4 7. Nxd4 c5 8.
Nb3 Qxd1 9. Rxd1 Bg4 10. f3 Be6 11. Bf4 c4 12. Nd4 O-O-O 13. Nc3 Bf7 14. Kf2
Bb4 15. Nce2 Ne7 16. a3 Ba5 17. g4 Bb6 18. Be3 Ba5 19. Nf5 Nxf5 20. gxf5 b5 21.
c3 Kb7 22. Nf4 g5 23. Ne2 Rd6 24. Nd4 Rhd8 25. Ke2 Bb6 26. Rd2 c5 27. Nc2 Bh5
28. Rad1 {etc (58 moves; a lot of ambiguities)} 0-1

[Event "GBR-ch72"]
[Site "Edinburgh"]
[Date "1985.08.02"]
[Round "5.37"]
[White "Richardson, Kevin D"]
[Black "Habershon, Paul F"]
[Result "1-0"]
[WhiteElo "2112"]
[BlackElo "2112"]
[PlyCount "67"]
[EventDate "1985.07.29"]
[EventType "swiss"]
[EventRounds "11"]
[EventCountry "GBR"]
[SourceTitle "BritBase"]
[Source "John Saunders"]
[SourceDate "2020.09.07"]
[SourceVersion "1"]
[SourceVersionDate "2020.09.07"]
[SourceQuality "2"]

1. e4 Nf6 2. e5 Nd5 3. d4 d6 4. c4 Nb6 5. exd6 cxd6 6. Nc3 g6 7. Be3 Bg7 8. Bd3
Nc6 9. Nge2 O-O 10. b3 e5 11. d5 Ne7 12. Rc1 f5 13. f4 g5 14. fxg5 f4 15. Bf2
Ng6 16. h4 f3 17. gxf3 Rxf3 18. Be4 Rf7 19. h5 Nf4 20. Bxh7+ Kh8 21. Nxf4 exf4
22. h6 Bxc3+ 23. Rxc3 Qxg5 24. Bb1 Bf5 25. Qd4+ Kh7 26. Bxf5+ Qxf5 27. Qd3 Re8+
28. Kf1 Re4 29. Qh3 Qf6 30. Rg1 Re8 31. Qd3+ Qf5 32. Qxf5+ Rxf5 33. Rh3 Re7 34.
Bd4 1-0

[Event "GBR-ch72"]
[Site "Edinburgh"]
[Date "1985.08.02"]
[Round "5.38"]
[White "Wallace, D.."]
[Black "Singh, Sukh Dave"]
[Result "0-1"]
[WhiteElo "1965"]
[BlackElo "2080"]
[PlyCount "50"]
[EventDate "1985.07.29"]
[EventType "swiss"]
[EventRounds "11"]
[EventCountry "GBR"]
[SourceTitle "BritBase"]
[Source "John Saunders"]
[SourceDate "2020.09.07"]
[SourceVersion "1"]
[SourceVersionDate "2020.09.07"]
[SourceQuality "2"]

1. e4 c5 2. Nf3 d6 3. d4 cxd4 4. Nxd4 Nf6 5. Nc3 g6 6. Be3 Bg7 7. f3 O-O 8. Qd2
Nc6 9. O-O-O d5 10. exd5 Nxd5 11. Nxc6 bxc6 12. Bd4 e5 13. Bc5 Be6 14. Ne4 Re8
15. h4 h6 16. g4 Qc7 17. g5 h5 18. c4 Red8 19. Bd6 Rxd6 20. Nxd6 Qxd6 21. cxd5
Bxd5 22. Bg2 Rb8 23. b3 e4 24. Qc2 exf3 25. Rxd5 fxg2 0-1

[Event "GBR-ch72"]
[Site "Edinburgh"]
[Date "1985.08.03"]
[Round "6.3"]
[White "Condie, Mark L"]
[Black "Chandler, Murray G"]
[Result "1/2-1/2"]
[WhiteElo "2405"]
[BlackElo "2525"]
[PlyCount "81"]
[EventDate "1985.07.29"]
[EventType "swiss"]
[EventRounds "11"]
[EventCountry "GBR"]
[SourceTitle "BritBase"]
[Source "John Saunders"]
[SourceDate "2020.09.07"]
[SourceVersion "1"]
[SourceVersionDate "2020.09.07"]
[SourceQuality "2"]

1. d4 Nf6 2. Nf3 g6 3. Bf4 Bg7 4. e3 O-O 5. h3 d6 6. Be2 Nbd7 7. O-O Qe8 8. Bh2
e5 9. c4 Ne4 10. a4 f5 11. a5 Kh8 12. Nbd2 Nxd2 13. Qxd2 e4 14. Ne1 g5 15. Nc2
Qg6 16. f4 exf3 17. Rxf3 Nf6 18. Bd3 Re8 19. Nb4 Ne4 20. Qc2 Bd7 21. Nd5 Rac8
22. Nc3 c6 23. Bxe4 fxe4 24. Rf2 Bh6 25. Qd2 Rf8 26. Raf1 Rxf2 27. Qxf2 g4 28.
hxg4 Bxg4 29. Kh1 Rf8 30. Qg1 Rg8 31. Qf2 Bf5 32. Rg1 Qh5 33. Rf1 Qg6 34. Rg1
Bd7 35. Re1 Bf5 36. b4 Bd7 37. c5 dxc5 38. bxc5 Rf8 39. Qg3 Qxg3 40. Bxg3 Bf5
41. Bd6 1/2-1/2

[Event "GBR-ch72"]
[Site "Edinburgh"]
[Date "1985.08.03"]
[Round "6.4"]
[White "Hartston, William Roland"]
[Black "King, Daniel J"]
[Result "1/2-1/2"]
[WhiteElo "2430"]
[BlackElo "2435"]
[PlyCount "74"]
[EventDate "1985.07.29"]
[EventType "swiss"]
[EventRounds "11"]
[EventCountry "GBR"]
[SourceTitle "BritBase"]
[Source "John Saunders"]
[SourceDate "2020.09.07"]
[SourceVersion "1"]
[SourceVersionDate "2020.09.07"]
[SourceQuality "2"]

1. d4 Nf6 2. c4 e6 3. Nc3 Bb4 4. Bg5 c5 5. d5 d6 6. e3 exd5 7. cxd5 Nbd7 8. Bd3
Qa5 9. Nge2 Nxd5 10. O-O Bxc3 11. bxc3 c4 12. Bf5 N7f6 13. Bxc8 Rxc8 14. Bxf6
Nxf6 15. Qxd6 Qc5 16. Qxc5 Rxc5 17. f3 Ke7 18. e4 Rhc8 19. Nd4 g6 20. Rfb1 Rb8
21. a4 Nd7 22. Kf2 a5 23. Ra2 Rc7 24. Nc2 Nc5 25. Ne3 Kf8 26. Nd5 Rc6 27. g4 f5
28. exf5 gxf5 29. g5 Rd8 30. Nf4 Rcd6 31. Kg3 b6 32. h4 Re8 33. Kf2 Kf7 34. h5
Red8 35. Kg3 Re8 36. Kf2 Red8 37. Kg3 Re8 1/2-1/2

[Event "GBR-ch72"]
[Site "Edinburgh"]
[Date "1985.08.03"]
[Round "6.5"]
[White "Rogers, Ian"]
[Black "Pritchett, Craig William"]
[Result "1-0"]
[WhiteElo "2510"]
[BlackElo "2395"]
[PlyCount "103"]
[EventDate "1985.07.29"]
[EventType "swiss"]
[EventRounds "11"]
[EventCountry "GBR"]
[SourceTitle "BritBase"]
[Source "John Saunders"]
[SourceDate "2020.09.07"]
[SourceVersion "1"]
[SourceVersionDate "2020.09.07"]
[SourceQuality "2"]

1. c4 e5 2. Nc3 Nc6 3. e3 Nf6 4. Nf3 Bb4 5. Qc2 Bxc3 6. Qxc3 Qe7 7. a3 O-O 8.
d3 d6 9. b4 e4 10. b5 Ne5 11. Nxe5 dxe5 12. Bb2 Re8 13. d4 exd4 14. Qxd4 c5 15.
Qc3 Qf8 16. Be2 a6 17. a4 axb5 18. axb5 Rxa1+ 19. Bxa1 b6 20. f4 Bg4 21. Bxg4
Nxg4 22. h3 Nf6 23. Qc2 Qe7 24. O-O Rd8 25. Bxf6 gxf6 26. Ra1 Kg7 27. Ra6 Rd6
28. Qf2 f5 29. Qb2+ Qf6 30. Qxf6+ Kxf6 31. Kf2 Kg6 32. Ke2 Kf6 33. Ra7 h5 34.
g3 Ke6 35. Rc7 Rd7 36. Rc6+ Rd6 37. Rc8 Rd3 38. Rb8 Rd6 39. Re8+ Kf6 40. Rh8
Kg6 41. Rg8+ Kf6 42. Rg5 Rd3 43. Rxh5 Rc3 44. Rh6+ Kg7 45. Rxb6 Rxc4 46. Rc6 f6
47. Kd2 Kg6 48. g4 fxg4 49. hxg4 Kf7 50. b6 Rb4 51. Kc3 Kg7 52. f5 1-0

[Event "GBR-ch72"]
[Site "Edinburgh"]
[Date "1985.08.03"]
[Round "6.6"]
[White "Hodgson, Julian M"]
[Black "Wells, Peter K"]
[Result "1/2-1/2"]
[WhiteElo "2445"]
[BlackElo "2365"]
[PlyCount "32"]
[EventDate "1985.07.29"]
[EventType "swiss"]
[EventRounds "11"]
[EventCountry "GBR"]
[SourceTitle "BritBase"]
[Source "John Saunders"]
[SourceDate "2020.09.07"]
[SourceVersion "1"]
[SourceVersionDate "2020.09.07"]
[SourceQuality "2"]

1. d4 d5 2. Nf3 Nf6 3. c4 e6 4. g3 Bb4+ 5. Bd2 a5 6. Bxb4 axb4 7. Nbd2 O-O 8.
Bg2 b6 9. Qc2 Bb7 10. O-O Qe7 11. Rfc1 Rc8 12. Ne5 c5 13. cxd5 exd5 14. Qf5 Nc6
15. Nxc6 Bxc6 16. e3 h6 1/2-1/2

[Event "GBR-ch72"]
[Site "Edinburgh"]
[Date "1985.08.03"]
[Round "6.7"]
[White "Ravikumar, Vaidyanathan"]
[Black "Cummings, David H"]
[Result "1/2-1/2"]
[WhiteElo "2370"]
[BlackElo "2415"]
[PlyCount "37"]
[EventDate "1985.07.29"]
[EventType "swiss"]
[EventRounds "11"]
[EventCountry "GBR"]
[SourceTitle "BritBase"]
[Source "John Saunders"]
[SourceDate "2020.09.07"]
[SourceVersion "1"]
[SourceVersionDate "2020.09.07"]
[SourceQuality "2"]

1. d4 Nf6 2. c4 e6 3. Nc3 Bb4 4. e3 c5 5. Bd3 Nc6 6. Nge2 d5 7. O-O dxc4 8.
Bxc4 cxd4 9. exd4 O-O 10. a3 Be7 11. Qd3 b6 12. Rd1 Bb7 13. Bg5 Nd5 14. Bxd5
Bxg5 15. Be4 f5 16. Bf3 Qe7 17. Bxc6 Bxc6 18. d5 Bxd5 19. Nxd5 1/2-1/2

[Event "GBR-ch72"]
[Site "Edinburgh"]
[Date "1985.08.03"]
[Round "6.8"]
[White "Johansen, Darryl Keith"]
[Black "Thomson, Craig"]
[Result "1-0"]
[WhiteElo "2410"]
[BlackElo "2260"]
[PlyCount "101"]
[EventDate "1985.07.29"]
[EventType "swiss"]
[EventRounds "11"]
[EventCountry "GBR"]
[SourceTitle "BritBase"]
[Source "John Saunders"]
[SourceDate "2020.09.07"]
[SourceVersion "1"]
[SourceVersionDate "2020.09.07"]
[SourceQuality "2"]

1. e4 e6 2. Nf3 d5 3. Nc3 Nf6 4. e5 Nfd7 5. d4 c5 6. dxc5 Nc6 7. Bf4 Bxc5 8.
Bd3 f6 9. exf6 Nxf6 10. O-O O-O 11. Qe2 Bd7 12. Rae1 Qe7 13. Ne5 Rae8 14. a3 a6
15. Bg3 Nxe5 16. Bxe5 Bc6 17. Kh1 g6 18. Nd1 Nd7 19. Bg3 e5 20. f3 b5 21. c3 e4
22. fxe4 dxe4 23. Bc2 e3 24. Bf4 Qh4 25. Bg3 Qh3 26. b4 Bb6 27. Bd6 Rxf1+ 28.
Rxf1 Qxg2+ 29. Qxg2 e2 30. Bb3+ Kh8 31. Re1 exd1=Q 32. Rxd1 Bxg2+ 33. Kxg2 Re2+
34. Kf3 Re3+ 35. Kf4 Kg7 36. Bc7 Re7 37. Bxb6 Nxb6 38. Rd6 Rb7 39. Ke5 Nd7+ 40.
Kd5 Rc7 41. Kd4 Ra7 42. a4 Kh6 43. a5 Kg5 44. Be6 Nf6 45. Bc8 Rc7 46. Bxa6 Rc4+
47. Kd3 Rh4 48. Bxb5 Rxh2 49. a6 Ra2 50. Bc4 Ra1 51. Kc2 1-0

[Event "GBR-ch72"]
[Site "Edinburgh"]
[Date "1985.08.03"]
[Round "6.9"]
[White "Lawton, Geoffrey W"]
[Black "Thipsay, Praveen Mahadeo"]
[Result "1/2-1/2"]
[WhiteElo "2360"]
[BlackElo "2495"]
[PlyCount "47"]
[EventDate "1985.07.29"]
[EventType "swiss"]
[EventRounds "11"]
[EventCountry "GBR"]
[SourceTitle "BritBase"]
[Source "John Saunders"]
[SourceDate "2020.09.07"]
[SourceVersion "1"]
[SourceVersionDate "2020.09.07"]
[SourceQuality "2"]

1. e4 e5 2. Nf3 Nc6 3. Bb5 a6 4. Ba4 Nf6 5. d3 d6 6. c3 g6 7. Nbd2 b5 8. Bb3
Bg7 9. O-O O-O 10. Re1 Na5 11. Bc2 c5 12. d4 cxd4 13. cxd4 Nh5 14. Nf1 Nc6 15.
dxe5 dxe5 16. Ne3 Nf4 17. Nd5 Nxd5 18. exd5 Nb4 19. Bb3 Bb7 20. Nxe5 Bxd5 21.
a3 Bxb3 22. Qxb3 Qd5 23. Qxb4 Bxe5 24. Bf4 1/2-1/2

[Event "GBR-ch72"]
[Site "Edinburgh"]
[Date "1985.08.03"]
[Round "6.10"]
[White "Flear, Glenn C"]
[Black "Teichmann, Erik OMC"]
[Result "1-0"]
[WhiteElo "2475"]
[BlackElo "2385"]
[PlyCount "73"]
[EventDate "1985.07.29"]
[EventType "swiss"]
[EventRounds "11"]
[EventCountry "GBR"]
[SourceTitle "BritBase"]
[Source "John Saunders"]
[SourceDate "2020.09.07"]
[SourceVersion "1"]
[SourceVersionDate "2020.09.07"]
[SourceQuality "2"]

1. d4 d5 2. c4 e6 3. cxd5 exd5 4. Nc3 c6 5. Qc2 Nd7 6. Nf3 Ngf6 7. Bg5 Be7 8.
e3 O-O 9. Bd3 Re8 10. O-O Nf8 11. Rae1 Ne4 12. Bxe7 Qxe7 13. Bxe4 dxe4 14. Nd2
f5 15. f3 exf3 16. Nxf3 Ng6 17. e4 fxe4 18. Rxe4 Be6 19. h4 Qd6 20. h5 Nf8 21.
Ng5 Bc4 22. Rf5 Rxe4 23. Qxe4 Rd8 24. d5 g6 25. Rxf8+ Rxf8 26. Qxc4 cxd5 27.
Nxd5 b5 28. Qd4 Rf5 29. Ne4 Qe5 30. Ndf6+ Kf7 31. Qxa7+ Qe7 32. hxg6+ hxg6 33.
Nd6+ Kxf6 34. Qxe7+ Kxe7 35. Nxf5+ gxf5 36. Kf2 Ke6 37. Ke3 1-0

[Event "GBR-ch72"]
[Site "Edinburgh"]
[Date "1985.08.03"]
[Round "6.11"]
[White "McNab, Colin Anderson"]
[Black "Hawksworth, John C"]
[Result "1/2-1/2"]
[WhiteElo "2420"]
[BlackElo "2370"]
[PlyCount "63"]
[EventDate "1985.07.29"]
[EventType "swiss"]
[EventRounds "11"]
[EventCountry "GBR"]
[SourceTitle "BritBase"]
[Source "John Saunders"]
[SourceDate "2020.09.07"]
[SourceVersion "1"]
[SourceVersionDate "2020.09.07"]
[SourceQuality "2"]

1. c4 c5 2. Nf3 Nf6 3. g3 b6 4. Bg2 Bb7 5. O-O g6 6. b3 Bg7 7. Bb2 O-O 8. Nc3
Na6 9. d3 d5 10. e3 dxc4 11. bxc4 Nb8 12. Qb3 Nc6 13. Rfd1 Qd7 14. Qc2 Rfd8 15.
Qe2 a6 16. Na4 Qc7 17. Rab1 Rab8 18. Nxb6 Nb4 19. Na4 Qa5 20. a3 Bxf3 21. Bxf3
Nxd3 22. Rxd3 Rxd3 23. Qxd3 Qxa4 24. Bd1 Qd7 25. Bc2 Qh3 26. Bxf6 Rxb1+ 27.
Bxb1 Bxf6 28. Qd8+ Kg7 29. Qb6 Qg4 30. Bd3 Qd1+ 31. Bf1 Qd6 32. Qb3 1/2-1/2

[Event "GBR-ch72"]
[Site "Edinburgh"]
[Date "1985.08.03"]
[Round "6.12"]
[White "Barua, Dibyendu"]
[Black "Howell, James C"]
[Result "1/2-1/2"]
[WhiteElo "2410"]
[BlackElo "2370"]
[PlyCount "78"]
[EventDate "1985.07.29"]
[EventType "swiss"]
[EventRounds "11"]
[EventCountry "GBR"]
[SourceTitle "BritBase"]
[Source "John Saunders"]
[SourceDate "2020.09.07"]
[SourceVersion "1"]
[SourceVersionDate "2020.09.07"]
[SourceQuality "2"]

1. e4 c5 2. Nf3 d6 3. d4 cxd4 4. Nxd4 Nf6 5. Nc3 a6 6. Be2 e5 7. Nb3 Be7 8. O-O
O-O 9. f4 Nc6 10. Kh1 b5 11. Bf3 Bb7 12. Qe1 Re8 13. Qf2 Bf8 14. f5 b4 15. Nd5
Nxd5 16. exd5 Nb8 17. Be4 Nd7 18. Qf3 a5 19. f6 Nxf6 20. Bg5 Be7 21. Bxf6 Bxf6
22. Qf5 h6 23. Rf3 Kf8 24. Raf1 Ke7 25. Nd2 Rc8 26. Qh7 Rf8 27. Rxf6 gxf6 28.
Qxh6 Rc5 29. Nb3 Rb5 30. Qxf6+ Kd7 31. Qf3 a4 32. Nd2 Rc5 33. c4 bxc3 34. bxc3
Rc7 35. c4 Ke8 36. Bc2 f5 37. Nb1 a3 38. Qh5+ Ke7 39. Qg5+ Ke8 1/2-1/2

[Event "GBR-ch72"]
[Site "Edinburgh"]
[Date "1985.08.03"]
[Round "6.13"]
[White "Martin, Andrew D"]
[Black "West, Guy"]
[Result "0-1"]
[WhiteElo "2410"]
[BlackElo "2310"]
[PlyCount "114"]
[EventDate "1985.07.29"]
[EventType "swiss"]
[EventRounds "11"]
[EventCountry "GBR"]
[SourceTitle "BritBase"]
[Source "John Saunders"]
[SourceDate "2020.09.07"]
[SourceVersion "1"]
[SourceVersionDate "2020.09.07"]
[SourceQuality "2"]

1. d4 Nf6 2. c4 c5 3. d5 b5 4. Nf3 Bb7 5. a4 a6 6. axb5 axb5 7. Rxa8 Bxa8 8.
Nc3 Qa5 9. Nd2 b4 10. Nb3 Qb6 11. Na4 Qc7 12. Nd2 g6 13. e4 Bg7 14. Bd3 O-O 15.
O-O e5 16. Re1 d6 17. Nf1 Bb7 18. Ng3 Nbd7 19. Bg5 Ra8 20. h3 Bc8 21. b3 Nf8
22. Bc2 Bd7 23. Nb2 Be8 24. Nd3 h6 25. Be3 h5 26. Bd2 N6d7 27. Nf1 Kh7 28. g4
hxg4 29. hxg4 Kg8 30. Ng3 Nh7 31. g5 Qd8 32. Qg4 Ra2 33. Rc1 Bf8 34. Ne1 Be7
35. Nf3 Ndf8 36. Nf1 Bd7 37. Qg3 Bc8 38. Kg2 Qa5 39. Be3 Ra1 40. Nxe5 dxe5 41.
Qxe5 Rxc1 42. Bxc1 Qd8 43. Bb2 f6 44. Qg3 Bd6 45. f4 fxg5 46. e5 gxf4 47. Qxf4
Be7 48. Ng3 Bg5 49. Qf2 Bh4 50. e6 Qe7 51. Qf4 Bf6 52. Bxf6 Nxf6 53. Qg5 Nxd5
54. Qh6 Nf6 55. Bxg6 Bxe6 56. Bf5 Bxf5 57. Nxf5 Qe4+ 0-1

[Event "GBR-ch72"]
[Site "Edinburgh"]
[Date "1985.08.03"]
[Round "6.14"]
[White "Basman, Michael John"]
[Black "Knott, Simon JB"]
[Result "1-0"]
[WhiteElo "2400"]
[BlackElo "2275"]
[PlyCount "55"]
[EventDate "1985.07.29"]
[EventType "swiss"]
[EventRounds "11"]
[EventCountry "GBR"]
[SourceTitle "BritBase"]
[Source "John Saunders"]
[SourceDate "2020.09.07"]
[SourceVersion "1"]
[SourceVersionDate "2020.09.07"]
[SourceQuality "2"]

1. e4 e6 2. d4 d5 3. Nc3 Bb4 4. e5 c5 5. dxc5 Ne7 6. Nf3 Nbc6 7. Bd3 d4 8. a3
Ba5 9. b4 Nxb4 10. axb4 Bxb4 11. O-O Bxc3 12. Rb1 Nc6 13. Qe2 Qc7 14. Bf4 h6
15. Nd2 O-O 16. Qe4 g6 17. Nc4 Kg7 18. Nd6 Qe7 19. h4 f5 20. exf6+ Rxf6 21. Be5
Nxe5 22. Qxe5 Ba5 23. h5 Bc7 24. Bxg6 b6 25. Ne8+ Qxe8 26. Qxc7+ Qd7 27. Qg3
Bb7 28. Be8+ 1-0

[Event "GBR-ch72"]
[Site "Edinburgh"]
[Date "1985.08.03"]
[Round "6.15"]
[White "Morrison, Robert"]
[Black "Bryson, Douglas"]
[Result "1/2-1/2"]
[WhiteElo "2370"]
[BlackElo "2275"]
[PlyCount "82"]
[EventDate "1985.07.29"]
[EventType "swiss"]
[EventRounds "11"]
[EventCountry "GBR"]
[SourceTitle "BritBase"]
[Source "John Saunders"]
[SourceDate "2020.09.07"]
[SourceVersion "1"]
[SourceVersionDate "2020.09.07"]
[SourceQuality "2"]

1. d4 d5 2. c4 e6 3. Nf3 Nf6 4. Nc3 c6 5. Bg5 dxc4 6. e4 b5 7. e5 h6 8. Bh4 g5
9. Nxg5 hxg5 10. Bxg5 Nbd7 11. exf6 Bb7 12. g3 c5 13. d5 Qb6 14. Bg2 O-O-O 15.
O-O b4 16. Na4 Qb5 17. a3 Bh6 18. Bxh6 Rxh6 19. axb4 cxb4 20. Qd4 Bxd5 21. Bxd5
Qxd5 22. Qxa7 Qb7 23. Qxb7+ Kxb7 24. Rfd1 Kc7 25. b3 c3 26. Rac1 Rb8 27. Rd4
Rh5 28. Nxc3 bxc3 29. Rxc3+ Kd8 30. Rcd3 Rd5 31. Rxd5 exd5 32. Rxd5 Rb6 33. Kg2
Ke8 34. g4 Nxf6 35. Re5+ Kf8 36. f3 Rxb3 37. Kg3 Nh7 38. h4 Kg7 39. Rf5 f6 40.
g5 Kg6 41. Kg4 fxg5 1/2-1/2

[Event "GBR-ch72"]
[Site "Edinburgh"]
[Date "1985.08.03"]
[Round "6.16"]
[White "Pigott, John C"]
[Black "Bellin, Robert"]
[Result "1/2-1/2"]
[WhiteElo "2330"]
[BlackElo "2395"]
[PlyCount "42"]
[EventDate "1985.07.29"]
[EventType "swiss"]
[EventRounds "11"]
[EventCountry "GBR"]
[SourceTitle "BritBase"]
[Source "John Saunders"]
[SourceDate "2020.09.07"]
[SourceVersion "1"]
[SourceVersionDate "2020.09.07"]
[SourceQuality "2"]

1. d4 Nf6 2. c4 e6 3. Nf3 Bb4+ 4. Bd2 c5 5. Bxb4 cxb4 6. a3 bxa3 7. Rxa3 O-O 8.
Nc3 d6 9. e4 Nc6 10. Be2 e5 11. d5 Nb4 12. c5 Bg4 13. cxd6 Bxf3 14. Bxf3 Ne8
15. O-O Nxd6 16. Be2 a5 17. Qd2 Re8 18. Kh1 b6 19. Raa1 Qh4 20. f3 Rac8 21.
Rac1 Qe7 1/2-1/2